Reflexions on the design of earth structures = Reflexiones sobe el diseño de estructuras térreas /
Texto de la conferencia Nabor Carrillo, presentada en el marco de la Reunión Nacional de Mecánica de Suelos. Raúl J. Marsal analiza el desarrollo que en el diseño de estructuras térreas hay en México, en los periodos comprendidos entre 1940 y 1960, y de 1960 a 1980.
-д хадгалсан:
| Байгууллагын зохиогчид: | , |
|---|---|
| Бусад зохиолчид: | |
| Формат: | Бага хурлын үйл явц Ном |
| Хэл сонгох: | испани |
| Хэвлэсэн: |
México :
Sociedad Mexicana de Mecánica de Suelos,
1982, c1982
|
| Нөхцлүүд: | |
| Шошгууд: |
Шошго байхгүй, Энэхүү баримтыг шошголох эхний хүн болох!
|
MARC
| LEADER | 00000nam^a2200000^a^4500 | ||
|---|---|---|---|
| 001 | 000096453 | ||
| 005 | 20250521000000.0 | ||
| 009 | 20260310092943.395 | ||
| 037 | |a Acervo ITESO - Biblioteca | ||
| 041 | |a ESP | ||
| 082 | |a 624. 15136 |b REU 1980 CON | ||
| 111 | |a Reunión Nacional de Mecánica de Suelos ( |n 10a : |d 1980 : |c Morelia) | ||
| 245 | 1 | 0 | |a Reflexions on the design of earth structures = |b Reflexiones sobe el diseño de estructuras térreas / |c Reunión Nacional de Mecánica de Suelos, Conferencia Nabor Carrillo ; R.J. Marsal. |
| 264 | 4 | |a México : |b Sociedad Mexicana de Mecánica de Suelos, |c 1982, c1982 | |
| 300 | |a 208 p. | ||
| 336 | |a texto |b txt |2 rdacontenido | ||
| 337 | |a sin mediación |b n |2 rdamedio | ||
| 338 | |a volumen |b nc |2 rdasoporte | ||
| 520 | |a Texto de la conferencia Nabor Carrillo, presentada en el marco de la Reunión Nacional de Mecánica de Suelos. Raúl J. Marsal analiza el desarrollo que en el diseño de estructuras térreas hay en México, en los periodos comprendidos entre 1940 y 1960, y de 1960 a 1980. | ||
| 649 | |a XX | ||
| 650 | |a Estructuras | ||
| 650 | |a Mecánica de Suelos - |z México - |x Investigación | ||
| 650 | |a Geotecnia | ||
| 650 | |a Ingeniería Civil | ||
| 711 | |a Conferencia Nabor Carrillo ( |n 5a : |d 1980 : |c Morelia) | ||
| 700 | |a Marsal, Raúl J. |e (autor) | ||
| 910 | |a Fondo General | ||
| 920 | |a Impresos - Libros | ||
| 930 | |a Colección General | ||
| 905 | |a 101 | ||
| 901 | |a 0500031954 |b IT1 |c ACC |u 20250521 | ||
| 902 | |a https://opac.biblio.iteso.mx/vufind/Record/000096453 | ||